000 00760nam a2200265 i 4500
001 C2-0105187
003 PPAK
005 20180727101437.0
008 970610s1991 my a|||| ||||| | may d
020 _a9677103083
040 _aPPAK
_beng
_cPPAK
_erda
082 0 4 _a899.233
_223
090 0 0 _a899.233
_bZUR
_dK
100 0 _aZuraidah Hanim Abd. Ghani,
_eauthor
245 1 0 _aSiapa dia Rita
264 1 _aKuala Lumpur :
_bPenerbitan Siri Maju ,
_c1991
300 _a38 pages :
_billustrations ;
_c21 cm
336 _2rdacontent
_atext
337 _2rdamedia
_aunmediated
338 _2rdacarrier
_avolume
490 1 _aSiri maju cerita kegemaranku
650 1 0 _aChildren's stories, Malay.
830 0 _aSiri maju cerita kegemaranku
942 _ddc
_cB
999 _c25397
_d25397